[Event "FSIM March"]
[Site "Budapest HUN"]
[Date "2008.03.14"]
[Round "13"]
[White "Szamoskozi,G"]
[Black "Schmidt,Rau"]
[Result "1/2-1/2"]
[WhiteElo "2280"]
[BlackElo "2160"]

1.e4 d5 2.exd5 Qxd5 3.Nc3 Qd6 4.d4 c6 5.Nf3 Bf5 6.Ne5 Nd7 7.Nc4 Qc7 8.Qf3 e6
9.Bf4 Qd8 10.O-O-O Ngf6 11.h3 Nb6 12.g4 Bg6 13.Ne5 Bb4 14.Nxg6 hxg6 15.Bg2 Bxc3
16.Qxc3 Nfd5 17.Qg3 Nxf4 18.Qxf4 g5 19.Qe5 Qf6 20.Qxf6 gxf6 21.Rhf1 Nd5 22.Bxd5 cxd5
23.Rd3 Rc8 24.f4 Rc4 25.b3 Rc6 26.f5 Ke7 27.Kb2 b5 28.c3 a5 29.a3 Rd8 30.Re3  1/2-1/2

[Event "ch-Siberia"]
[Site "Novokuznetsk RUS"]
[Date "2008.03.15"]
[Round "3"]
[White "Barlakov,A"]
[Black "Morokov,A"]
[Result "1-0"]
[WhiteElo "2263"]
[BlackElo "1806"]

1.e4 d5 2.exd5 Qxd5 3.Nc3 Qd8 4.d4 Nf6 5.Bc4 Bg4 6.Nge2 Nc6 7.Be3 e5 8.d5 Na5
9.Bb5+ c6 10.dxc6 Qxd1+ 11.Rxd1 bxc6 12.Ba4 Bb4 13.f3 Be6 14.a3 Bxc3+ 15.Nxc3 O-O
16.b3 Nd5 17.Bd2 Nb6 18.Ne4 Nxa4 19.Bxa5 Nb6 20.c4 f5 21.Nc5 Bf7 22.Rd6 Rac8
23.Kf2 Bg6 24.Rhd1 e4 25.Bxb6 axb6 26.Nd7 Rfe8 27.Nxb6 e3+ 28.Ke2 Rc7 29.R1d3 f4
30.R3d4 Bc2 31.Rxf4 Bxb3 32.Re4 Rxe4 33.fxe4 Re7 34.Kxe3 Bc2 35.Rd8+ Kf7
36.Rd7 Rxd7 37.Nxd7 Ke6 38.Nc5+ Ke5 39.Nd3+ Kd6 40.Kd4 Bd1 41.Nc5 g5 42.a4 g4
43.a5 h5 44.a6 Kc7 45.a7  1-0

[Event "TCh-HUN 2007-8"]
[Site "Budapest HUN"]
[Date "2008.03.16"]
[Round "8"]
[White "Varga,Cs2"]
[Black "Tiviakov,S"]
[Result "0-1"]
[WhiteElo "2367"]
[BlackElo "2643"]

1.e4 d5 2.exd5 Qxd5 3.Nc3 Qd6 4.Nf3 Nf6 5.g3 Bg4 6.Bg2 c6 7.O-O e6 8.h3 Bh5
9.b4 Be7 10.Rb1 O-O 11.d3 Qc7 12.Bf4 Bd6 13.Bxd6 Qxd6 14.Ne4 Nxe4 15.dxe4 Qc7
16.e5 Bxf3 17.Qxf3 Nd7 18.Rfe1 Nxe5 19.Qf4 f6 20.b5 Rfd8 21.bxc6 bxc6 22.Qe3 Rd6
23.Qb3 Re8 24.f4 Nd7 25.f5 Ne5 26.Re4 c5 27.Qb7 Qxb7 28.Rxb7 exf5 29.Re2 Ra6
30.Rc7 Ra3 31.Kf2 Kf8 32.Bd5 c4 33.Rxe5 Rxe5  0-1

[Event "31st San Sebastian Open"]
[Site "Donostia ESP"]
[Date "2008.03.17"]
[Round "2"]
[White "Bellia,F"]
[Black "Martinez Pelaez,D"]
[Result "1-0"]
[WhiteElo "2405"]
[BlackElo "1970"]

1.e4 d5 2.exd5 Qxd5 3.Nc3 Qd8 4.d4 Nf6 5.Nf3 c6 6.Bc4 Bf5 7.O-O e6 8.Re1 Be7
9.h3 Nbd7 10.Nh4 Bg6 11.Nxg6 hxg6 12.Bf4 O-O 13.Bb3 Nd5 14.Ne2 Re8 15.Bh2 Bf6
16.c3 N7b6 17.Nc1 a5 18.a4 Rc8 19.Nd3 Nd7 20.Qd2 Qb6 21.Bc4 Nc7 22.Qe3 Na6
23.Qf3 Nc7 24.Ra3 Qa7 25.Bf4 Nd5 26.Bd6 Be7 27.Bxe7 Rxe7 28.h4 Rce8 29.Raa1 Qb8
30.Re2 Qd6 31.Rae1 N5f6 32.Nf4 Nd5 33.Nd3 N5f6 34.Ne5 Nb6 35.Bb3 Nbd5 36.g3 c5
37.dxc5 Qxc5 38.Rd2 Qc7 39.Qe2 Rc8 40.Red1 Ree8 41.Rd4 Red8 42.Nxg6 fxg6
43.Qxe6+ Kh7 44.Bxd5 Rd6 45.Qxd6  1-0

[Event "31st San Sebastian Open"]
[Site "Donostia ESP"]
[Date "2008.03.18"]
[Round "3"]
[White "Martin Alvarez,I"]
[Black "Ruiz Baigorretegui,M"]
[Result "1-0"]
[WhiteElo "2189"]
[BlackElo "1752"]

1.e4 d5 2.exd5 Qxd5 3.Nc3 Qd8 4.Nf3 Nf6 5.Bc4 Bg4 6.Bxf7+ Kxf7 7.Ne5+ Kg8
8.Nxg4 Qd4 9.Nxf6+ exf6 10.O-O Bc5 11.d3 Qh4 12.Qf3 c6 13.Ne4 Bb6 14.Qf5 h5
15.h3 Rh7 16.g3 g6 17.Qe6+  1-0

[Event "31st San Sebastian Open"]
[Site "Donostia ESP"]
[Date "2008.03.19"]
[Round "4"]
[White "Huesmann,T"]
[Black "Martinez Pelaez,D"]
[Result "1-0"]
[WhiteElo "2247"]
[BlackElo "1970"]

1.e4 d5 2.exd5 Qxd5 3.Nc3 Qd8 4.d4 Nf6 5.Bc4 c6 6.Nf3 Bf5 7.Ne5 e6 8.g4 Bg6
9.h4 Bb4 10.f3 Bxc2 11.Qxc2 Qxd4 12.Qe2 Bxc3+ 13.bxc3 Qxc3+ 14.Kf2 Qxa1 15.Kg2 Qd4
16.Rd1 Qc5 17.Nxf7 O-O 18.Qxe6 Nbd7 19.Ne5+ Kh8 20.Nxd7 Nxd7 21.Rxd7 Rae8
22.Bb2 Rxe6 23.Bxg7+ Kg8 24.Bxe6+ Rf7 25.Rxf7 Qc2+ 26.Kg3 h5  1-0

[Event "Doeberl Cup"]
[Site "Canberra AUS"]
[Date "2008.03.20"]
[Round "1"]
[White "Oliver,S"]
[Black "Dragicevic,Do"]
[Result "0-1"]
[WhiteElo "1940"]
[BlackElo "2215"]

1.e4 d5 2.exd5 Qxd5 3.Nc3 Qd6 4.d4 Nf6 5.Nf3 a6 6.g3 Bg4 7.h3 Bh5 8.Bg2 Nc6
9.Bf4 Qb4 10.O-O O-O-O 11.a3 Qxb2 12.Na4 Bxf3 13.Qxf3 Qxd4 14.Nc3 e6 15.a4 Qc4
16.Rfb1 Bd6 17.Bxd6 Rxd6 18.Nb5 axb5 19.axb5 Nd8 20.Qa3 Nd5 21.Qa8+ Kd7 22.Qb8 Rb6
23.Bf1 Qc5 24.c4 Nc3 25.Rb3 Ne4 26.Rf3 f5 27.Rd1+ Rd6 28.Rxd6+ Nxd6 29.Rd3 Ke7
30.Qa8 N8f7 31.Qa2 Rd8 32.Re3 Ne4 33.Bd3 Rd4 34.Qe2 Nfd6 35.f3 Rxd3 36.Qxd3 Nxc4
37.fxe4 Qxe3+  0-1

[Event "Doeberl Cup"]
[Site "Canberra AUS"]
[Date "2008.03.20"]
[Round "2"]
[White "Flitney,A"]
[Black "Mitchell,R"]
[Result "1-0"]
[WhiteElo "2002"]
[BlackElo "1904"]

1.e4 d5 2.exd5 Qxd5 3.Nc3 Qd6 4.d4 Nf6 5.Nf3 Bg4 6.h3 Bxf3 7.Qxf3 c6 8.Bf4 Qd8
9.O-O-O e6 10.d5 cxd5 11.Bxb8 Rxb8 12.Bb5+ Ke7 13.Rhe1 a6 14.Nxd5+ Nxd5 15.Rxd5 Qa5
16.Rd7+ Ke8 17.Qxf7+  1-0

[Event "31st San Sebastian Open"]
[Site "Donostia ESP"]
[Date "2008.03.20"]
[Round "6"]
[White "Hernandez,El"]
[Black "Martinez Pelaez,D"]
[Result "1-0"]
[WhiteElo "2322"]
[BlackElo "1970"]

1.e4 d5 2.exd5 Qxd5 3.Nc3 Qd8 4.d4 Nf6 5.Nf3 c6 6.Bc4 Bf5 7.Ne5 e6 8.O-O Be7
9.Be3 O-O 10.Qe2 Nbd7 11.Rad1 Nb6 12.Bd3 Bxd3 13.Rxd3 Nbd5 14.Nxd5 cxd5 15.Rb3 Rb8
16.Bf4 Bd6 17.Bg5 Be7 18.Rh3 Ne4 19.Bf4 Rc8 20.Qh5 Nf6 21.Qh4 g6 22.Bg5 h5
23.Rf3 Kg7 24.Qf4 Ng8 25.Qf6+  1-0

[Event "31st San Sebastian Open"]
[Site "Donostia ESP"]
[Date "2008.03.21"]
[Round "7"]
[White "Garay Lenne,L"]
[Black "Landa Manux,J"]
[Result "1/2-1/2"]
[WhiteElo "2025"]
[BlackElo "1995"]

1.e4 d5 2.exd5 Qxd5 3.Nc3 Qd6 4.d4 Nf6 5.Nf3 a6 6.Be2 Nc6 7.O-O Bg4 8.h3 Bh5
9.Be3 e6 10.Qd2 Be7 11.Rad1 O-O 12.a3 Rad8 13.Rfe1 Bg6 14.Bd3 Bxd3 15.Qxd3 Nb8
16.Ne5 c5 17.Ne4 Qc7 18.c3 Nc6 19.Nxc6 Qxc6 20.Bg5 c4 21.Qf3 Nd5 22.Qh5 Bxg5
23.Nxg5 h6 24.Nf3 Nf4 25.Qg4 Nd3 26.Ne5 Nxe5 27.Rxe5 Rd5 28.Rde1 Rfd8 29.f4 Qb6
30.Qe2 Rb5 31.Rxb5 Qxb5 32.Rf1 Rd5 33.g4 g6 34.Rf3 Kg7 35.Re3 Qb3 36.Re5 Rxe5
37.fxe5 f6 38.exf6+ Kxf6 39.Qe5+ Kf7 40.Qf4+  1/2-1/2

[Event "Far West Open"]
[Site "Reno USA"]
[Date "2008.03.21"]
[Round "1"]
[White "Kudrin,S"]
[Black "Rinaldo,J"]
[Result "1-0"]
[WhiteElo "2566"]
[BlackElo "2069"]

1.e4 d5 2.exd5 Qxd5 3.Nc3 Qd6 4.d4 Nf6 5.Nf3 a6 6.g3 Bg4 7.h3 Bxf3 8.Qxf3 Nc6
9.Be3 e6 10.O-O-O Nd5 11.Ne4 Qd7 12.Bg2 Be7 13.Kb1 O-O 14.Bc1 Nf6 15.c3 Rfd8
16.Qe2 Na5 17.g4 Qb5 18.Qc2 Nc4 19.Ka1 Nd6 20.Ng3 Rab8 21.g5 Nd7 22.h4 Qa5
23.c4 c5 24.d5 exd5 25.Bxd5 Nb6 26.Bd2 Qa4 27.b3 Qd7 28.Bg2 Qg4 29.Ba5 Nd7
30.Bxd8 Rxd8 31.Bh3 Qf4 32.Qd2 Qe5+ 33.Kb1 Nf6 34.f4 Nde4 35.Qxd8+ Bxd8 36.Rxd8+  1-0

[Event "SCT Ladies Open"]
[Site "Stockholm SWE"]
[Date "2008.03.21"]
[Round "2"]
[White "Tkeshelashvili,S"]
[Black "Stjazhkina,O"]
[Result "1/2-1/2"]
[WhiteElo "2250"]
[BlackElo "2325"]

1.e4 d5 2.exd5 Qxd5 3.Nc3 Qd6 4.d4 Nf6 5.Bc4 a6 6.h3 Nc6 7.Nf3 Bf5 8.Be3 e6
9.Nh4 Bg6 10.Nxg6 hxg6 11.Qf3 O-O-O 12.O-O-O Nb4 13.Bg5 Be7 14.Rhe1 Qc6 15.Qxc6 Nxc6
16.Ne2 Rh5 17.f4 Nd5 18.Bxe7 Ncxe7 19.Rd3 Rh4 20.Rf3 Rdh8 21.a3 Nf5 22.Bd3 c6
23.c3 Kc7 24.g4 Nd6 25.Ng1 b5 26.Ref1 a5 27.a4 bxa4 28.c4 Nb4 29.Be2 Ne4
30.Ra3 Rd8 31.Rxa4 Ng3 32.Rf3 Nxe2+ 33.Nxe2 c5 34.Rxa5 cxd4 35.Rc5+ Kd6 36.Rb5 Nc6
37.Rd3 Kc7 38.Rc5 Kb6 39.b4 f6 40.Rb5+ Kc7 41.Rc5 Kb6 42.Rb5+ Kc7  1/2-1/2

[Event "LIV Abierto Mexicano de Ajedrez"]
[Site "Aguascalientes MEX"]
[Date "2008.03.22"]
[Round "7"]
[White "Quezada Perez,Y"]
[Black "Araque,R"]
[Result "1-0"]
[WhiteElo "2546"]
[BlackElo "2325"]

1.e4 d5 2.exd5 Qxd5 3.Nc3 Qd6 4.d4 Nf6 5.Bg5 a6 6.Qd2 Bf5 7.Nf3 Nc6 8.O-O-O e6
9.Bd3 Bxd3 10.Qxd3 Be7 11.Rhe1 O-O-O 12.Kb1 h6 13.Bc1 Qb4 14.a3 Qa5 15.b4 Qb6
16.Bb2 Rd7 17.Na4 Qa7 18.c4 Rhd8 19.Qe2 Ng8 20.Rd2 b6 21.d5 exd5 22.cxd5 Nb8
23.Ne5 Bg5 24.Nxd7 Rxd7 25.Rc2 Ne7 26.h4 Bxh4 27.d6 Nec6 28.Qg4 Bd8 29.Bxg7 cxd6
30.Rec1 Qb7 31.Nc3 b5 32.Nd5 Bg5 33.f4 Bd8 34.Bf6 Bc7 35.Qg8+ Bd8 36.Bxd8 Rxd8
37.Qg4+  1-0

[Event "TCh-FRA Top 16 Gp A"]
[Site "Clichy FRA"]
[Date "2008.03.22"]
[Round "1"]
[White "Fressinet,L"]
[Black "Bauer,Ch"]
[Result "1-0"]
[WhiteElo "2656"]
[BlackElo "2614"]

1.e4 d5 2.exd5 Qxd5 3.Nc3 Qd6 4.d4 Nf6 5.Nf3 a6 6.g3 Bg4 7.h3 Bh5 8.Bg2 Nc6
9.O-O O-O-O 10.Be3 e5 11.dxe5 Nxe5 12.g4 Qxd1 13.Raxd1 Rxd1 14.Rxd1 Nxf3+
15.Bxf3 Bg6 16.g5 Bh5 17.Bxh5 Nxh5 18.Nd5 h6 19.gxh6 g6 20.c4 f6 21.h4 b6
22.Kh1 Kb7 23.Rg1 c6 24.Nc3 Bxh6 25.Rxg6 Bxe3 26.fxe3 Re8 27.Rh6 Ng3+ 28.Kg1 b5
29.Rxf6 b4 30.Na4 Kc7 31.Nc5 Kb6 32.Ne6 Ne4 33.Rg6 Rh8 34.Rg4 Nf6 35.Rg6 Ne4
36.Nd4 Rxh4 37.Nxc6 Kc5 38.Ne5 b3 39.axb3 Kb4 40.Rb6+ Kc5  1-0

[Event "ch-WLS"]
[Site "Cardiff WLS"]
[Date "2008.03.23"]
[Round "4"]
[White "Kett,T"]
[Black "Zeidler,S"]
[Result "1-0"]
[WhiteElo "2243"]
[BlackElo "2223"]

1.e4 d5 2.exd5 Qxd5 3.Nc3 Qd6 4.d4 Nf6 5.Nf3 a6 6.Be3 b5 7.Bd3 Bb7 8.Qd2 e6
9.O-O-O Nbd7 10.Ng5 Bxg2 11.Rhg1 Bb7 12.f3 Qb4 13.Qf2 Qa5 14.Kb1 Nd5 15.Bd2 Nxc3+
16.Bxc3 b4 17.Bd2 Bd5 18.b3 Nb6 19.Nxh7 Na4 20.Nxf8 Nc3+ 21.Bxc3 bxc3 22.Ka1 Kxf8
23.Be4 Qa3 24.Rb1 Rh5 25.Bxd5 Rxd5 26.b4 a5 27.b5 Rb8 28.Qh4 Kg8 29.Qh6 g5
30.Rxg5+ Rxg5 31.Qxg5+ Kf8 32.Rb3 Qa4 33.Qc5+ Kg8 34.f4 Rd8 35.Qg5+  1-0

[Event "20th Festival"]
[Site "Lenk SUI"]
[Date "2008.03.23"]
[Round "5"]
[White "Lehmann,Mar"]
[Black "Benkovic,P"]
[Result "1-0"]
[WhiteElo "2291"]
[BlackElo "2448"]

1.e4 d5 2.exd5 Qxd5 3.Nc3 Qd6 4.d4 c6 5.Nf3 Bg4 6.Bc4 Nf6 7.Be3 e6 8.h3 Bxf3
9.Qxf3 Nbd7 10.O-O Be7 11.a3 O-O 12.Rad1 Qc7 13.Bg5 Rfe8 14.Rfe1 Rad8 15.Bb3 Nf8
16.Bf4 Bd6 17.Bg5 Be7 18.Bf4 Qc8 19.Ne4 Nxe4 20.Qxe4 Ng6 21.c3 a6 22.Bg3 Bd6
23.Rd3 Qc7 24.Bxd6 Qxd6 25.Rf3 Qe7 26.Qg4 Qh4 27.Qxh4 Nxh4 28.Rfe3 Nf5 29.Re5 Nd6
30.g4 Kf8 31.f4 Rd7 32.a4 Red8 33.Rc5 Ne8 34.f5 exf5 35.Rxf5 Nd6 36.Rh5 Kg8
37.a5 Re8 38.Rhe5 Kf8 39.Rxe8+ Nxe8 40.Kf2 Nf6 41.Bc2 Rd5 42.b4 h5 43.Bf5 Rd8
44.gxh5 Nxh5 45.Ke3 Nf6 46.Kd3 g6 47.Bg4 Nd5 48.Kc4 f5 49.Bf3 Kf7 50.h4 Kf6
51.Re5 Nf4 52.Re3 Rh8 53.Kc5 Rh5 54.Kb6 Rh7 55.c4 g5 56.b5 Ne6 57.d5 cxd5
58.Bxd5 Nd8 59.bxa6 bxa6 60.Kxa6 f4 61.Re8 Rd7 62.Kb6  1-0

[Event "SCT Ladies Open"]
[Site "Stockholm SWE"]
[Date "2008.03.25"]
[Round "9"]
[White "Lujan,C"]
[Black "Danielian,E"]
[Result "0-1"]
[WhiteElo "2365"]
[BlackElo "2480"]

1.e4 d5 2.exd5 Qxd5 3.Nc3 Qd6 4.d4 Nf6 5.Nf3 a6 6.Ne5 Bf5 7.Qf3 Bc8 8.Bc4 e6
9.Ne4 Qd8 10.Ng5 Qxd4 11.Ngxf7 Nbd7 12.Qe3 Qxe3+ 13.Bxe3 Nxe5 14.Nxe5 Bd6
15.Nd3 e5 16.h3 b6 17.O-O Bb7 18.a4 Nd5 19.Rfe1 O-O-O 20.Bxd5 Bxd5 21.a5 Kb7
22.Bd2 Rhe8 23.b3 e4 24.Nb4 Be5 25.Rad1 Bg8 26.Na2 Rd5 27.Bb4 Red8 28.Rxd5 Rxd5
29.axb6 a5 30.Bc3 cxb6 31.f4 Bxc3 32.Nxc3 Rc5 33.Re3 b5 34.f5 b4 35.Nxe4 Rxc2
36.Rg3 Kb6 37.f6 a4 38.Rxg7 Bxb3 39.f7 Bxf7 40.Rxf7 a3 41.Rf6+ Kc7 42.Ra6 a2
43.Nc5 Rc1+ 44.Kf2 a1=Q 45.Rxa1 Rxa1 46.Ke3 b3 47.Nd3 Ra2 48.g4 b2  0-1

[Event "3rd Open"]
[Site "Kolkata IND"]
[Date "2008.03.26"]
[Round "3"]
[White "Satyapragyan,S"]
[Black "Murshed,N"]
[Result "1-0"]
[WhiteElo "2406"]
[BlackElo "2428"]

1.e4 d5 2.exd5 Qxd5 3.Nc3 Qd8 4.d4 Nf6 5.Bg5 Bf5 6.Bd3 Bg6 7.Nf3 e6 8.d5 exd5
9.Qe2+ Be7 10.Bxf6 gxf6 11.O-O-O c6 12.h4 Nd7 13.Nd4 Nc5 14.Bxg6 hxg6 15.h5 Qd6
16.hxg6 Qf4+ 17.Kb1 Rxh1 18.Rxh1 Kd7 19.Re1 Bd6 20.gxf7 Be5 21.Nf3 Rf8 22.g3 Qf5
23.Nd4 Qg6 24.f4 Bd6 25.b4 Ne4 26.Nxe4 dxe4 27.Qxe4 Qxe4 28.Rxe4 Bxb4 29.Nf5 Ba3
30.Nh6 b5 31.g4 Be7 32.Kc1 a5 33.Kd2 c5 34.a4 bxa4 35.Rxa4 Bd8 36.Kd3 Ke6
37.Re4+ Kd7 38.Kc4 a4 39.Kd5  1-0

[Event "Spring Festival"]
[Site "Budapest HUN"]
[Date "2008.03.28"]
[Round "8"]
[White "Torok,T1"]
[Black "Zentai,P2"]
[Result "0-1"]
[WhiteElo "2051"]
[BlackElo "2177"]

1.e4 d5 2.exd5 Qxd5 3.Nc3 Qd6 4.d4 Nf6 5.Nf3 a6 6.a4 Bg4 7.Be2 Nc6 8.Be3 e6
9.Qd2 O-O-O 10.Ng5 Qd7 11.Bxg4 Nxg4 12.Ne2 h6 13.Nf3 e5 14.dxe5 Qf5 15.Ned4 Qe4
16.O-O-O Ncxe5 17.Nxe5 Nxe5 18.f3 Qg6 19.Qe2 Bc5 20.b3 Rhe8 21.Qf2 Qb6 22.c3 Ba3+
23.Kb1 Nc4 24.Bc1 Rxd4 25.cxd4 Qxb3+ 26.Ka1 Bb4  0-1

[Event "ch-TUR"]
[Site "Ankara TUR"]
[Date "2008.03.31"]
[Round "9"]
[White "Secer,A"]
[Black "Citak,S"]
[Result "1/2-1/2"]
[WhiteElo "2308"]
[BlackElo "2319"]

1.e4 d5 2.exd5 Qxd5 3.Nc3 Qd6 4.d4 Nf6 5.Bd3 Nc6 6.Nb5 Qd8 7.Bf4 Nd5 8.Qf3 e6
9.Be4 Bb4+ 10.c3 Nxf4 11.Qxf4 Bd6 12.Qf3 O-O 13.Nxd6 Qxd6 14.Bxc6 bxc6 15.Ne2 Qd5
16.Qxd5 cxd5 17.Kd2 Ba6 18.Nf4 Rfc8 19.b4 Kf8 20.a4 Bc4 21.Nd3 Bxd3 22.Kxd3 Ke7
23.Rhc1 a5 24.Rcb1 Kd6 25.f4 h5 26.b5 Rab8 27.c4 dxc4+ 28.Kxc4 Rb6 29.Kd3 c6
30.Rc1 Rcb8 31.bxc6 Rb3+ 32.Ke2 Rb2+ 33.Kf1 Rc8 34.Rc5 Rxc6 35.Rac1 Rxc5
36.Rxc5 Rb4 37.Rxa5  1/2-1/2

[Event "TCh-RUS w"]
[Site "Dagomys RUS"]
[Date "2008.04.03"]
[Round "2"]
[White "Semenova,E"]
[Black "Sirotkina,N"]
[Result "1-0"]
[WhiteElo "2038"]
[BlackElo "2247"]

1.e4 d5 2.exd5 Qxd5 3.Nc3 Qd6 4.d4 c6 5.Bc4 Nf6 6.h3 Bf5 7.Nf3 Nbd7 8.O-O e6
9.Nh4 Bg6 10.Ne2 Nb6 11.Bf4 Qd8 12.Nxg6 hxg6 13.Bd3 Nbd5 14.Bg3 Bd6 15.c3 Bxg3
16.Nxg3 Nf4 17.Qf3 Qd6 18.a4 g5 19.Rfe1 O-O-O 20.b4 Kb8 21.Be4 Rd7 22.Red1 Qc7
23.b5 cxb5 24.Rab1 N4d5 25.Bxd5 Nxd5 26.Ne4 b4 27.Nc5 Rd6 28.c4 Nf6 29.Rxb4 Rb6
30.Rdb1 Nd7 31.Nxd7+ Qxd7 32.Rxb6 axb6 33.Rxb6 Rc8 34.c5 Rc7 35.Qb3 Kc8 36.Qb4 Qd5
37.Qa5 Kb8  1-0

[Event "6th V.Nabokov Mem"]
[Site "Kyiv UKR"]
[Date "2008.04.06"]
[Round "4"]
[White "Kochetkov,G"]
[Black "Vysochin,S"]
[Result "1-0"]
[WhiteElo "2386"]
[BlackElo "2521"]

1.e4 d5 2.exd5 Qxd5 3.Nc3 Qd6 4.g3 Nf6 5.Bg2 g6 6.Nf3 Bg7 7.O-O Bg4 8.h3 Bxf3
9.Qxf3 Nc6 10.Nb5 Qd7 11.c3 a6 12.Na3 e5 13.d4 e4 14.Qd1 O-O-O 15.Bg5 Rde8
16.Re1 Nh5 17.Rxe4 Rxe4 18.Bxe4 Qxh3 19.Bf3 Qd7 20.Bg4 f5 21.Bxh5 gxh5 22.Qxh5 Qd5
23.Nc2 Rf8 24.Re1 Kb8 25.Ne3 Qxa2 26.Qxh7 Qf7 27.Rf1 f4 28.Bxf4 Rh8 29.Qf5 Qe8
30.Qg4 Rg8 31.Qf3 Bxd4 32.Nd5 Be5 33.Re1 Qf7 34.Qe4 Bxf4 35.Nxf4 Rh8 36.Kg2 Qb3
37.Qe2 a5 38.Rd1 a4 39.Ra1 Qf7 40.Qe4 Na5 41.Qxa4 Qh7 42.Kf3 b6 43.b4 Rf8
44.bxa5 Qd3+ 45.Kg2 Qd6 46.axb6  1-0

[Event "TCh-RUS Major League"]
[Site "Dagomys RUS"]
[Date "2008.04.09"]
[Round "7"]
[White "Potapov,Alexe"]
[Black "Paveliev,A"]
[Result "1-0"]
[WhiteElo "2318"]
[BlackElo "2392"]

1.e4 d5 2.exd5 Qxd5 3.Nc3 Qd6 4.d4 Nf6 5.Nge2 Bf5 6.Bf4 Qd7 7.Ng3 Bg6 8.Qf3 c6
9.O-O-O e6 10.h4 h6 11.h5 Bh7 12.Bxh6 Nd5 13.Bg5 Be7 14.Bxe7 Qxe7 15.Nce4 Nd7
16.c4 f5 17.Nd2 Nb4 18.a3 Na6 19.Bd3 O-O-O 20.Rhe1 Qf6 21.Nb3 Bg8 22.Qf4 Bf7
23.d5 Ndc5 24.Nxc5 Nxc5 25.Bc2 Bxh5 26.Nxh5 Rxh5 27.dxc6 Rxd1+ 28.Rxd1 Qh6
29.cxb7+ Nxb7 30.Qxh6 Rxh6 31.Rd3 Rh4 32.Rg3 Rxc4 33.Rxg7 a5 34.Kd2 Nc5 35.b3 Rd4+
36.Kc3 Rf4 37.f3 Nd7 38.Re7 Nc5 39.b4 Kd8 40.Ra7 axb4+ 41.axb4 Nd7 42.Ba4 Nb6
43.Bb3 e5 44.Rb7 Nd7 45.Bd5 Nf6 46.Bc6 Rd4 47.b5 Rd6 48.Ra7 e4 49.fxe4 fxe4
50.Ra2 Ke7 51.Kc4 e3 52.Re2 Ng4 53.Kc5 Rf6 54.b6 Kd8 55.Ra2 Rf5+ 56.Kd6 Rf6+
57.Kd5 Rf5+ 58.Ke4 Rf2 59.b7 Kc7 60.Ra8 Rb2 61.Rc8+ Kd6 62.b8=Q+ Rxb8 63.Rxb8 e2
64.Rb1 Kxc6 65.Kd3 Kd5 66.Kxe2 Ke4 67.Rb4+ Kf5 68.Kf3 Nh2+ 69.Kg3 Nf1+ 70.Kh4 Ne3
71.g4+ Kg6 72.Rb6+ Kf7 73.Kg5 Nd5 74.Ra6 Ne7 75.Ra7 Kf8 76.Rxe7 Kxe7 77.Kg6 Kf8
78.Kh7 Kf7 79.g5  1-0

[Event "ch-NED w"]
[Site "Hilversum NED"]
[Date "2008.04.09"]
[Round "5"]
[White "Muhren,B"]
[Black "Lanchava,T"]
[Result "0-1"]
[WhiteElo "2297"]
[BlackElo "2365"]

1.e4 d5 2.exd5 Qxd5 3.Nc3 Qd6 4.d4 Nf6 5.Nf3 c6 6.g3 Nd5 7.Nxd5 cxd5 8.Bg2 Qa6
9.Ne5 Nc6 10.c3 Nxe5 11.dxe5 Bd7 12.Be3 Bb5 13.a4 Bd3 14.Bxd5 e6 15.Bf3 O-O-O
16.Bd4 Rxd4 17.Qb3 Rd7 18.O-O-O Bc5 19.Rd2 Bc4  0-1

[Event "Gausdal Classics GMB"]
[Site "Gausdal NOR"]
[Date "2008.04.13"]
[Round "6"]
[White "Kremenietsky,AnM"]
[Black "Unander,M"]
[Result "1-0"]
[WhiteElo "2354"]
[BlackElo "2132"]

1.e4 d5 2.exd5 Qxd5 3.Nc3 Qd6 4.d4 Nf6 5.Nge2 c6 6.Bf4 Qd8 7.Ng3 g6 8.h4 h5
9.Bc4 Bg7 10.Qd3 Nd5 11.Be5 Kf8 12.O-O-O Be6 13.Bb3 Qa5 14.Bxg7+ Kxg7 15.Kb1 Nxc3+
16.bxc3 Bxb3 17.cxb3 Nd7 18.Rhe1 e6 19.Ne4 Qf5 20.f3 Nf6 21.Kb2 Rad8 22.Qd2 Nxe4
23.fxe4 Qf6 24.g3 e5 25.d5 Rd7 26.c4 c5 27.Rf1 Qd6 28.Rf3 f6 29.Rdf1 Rf7
30.a3 Rc8 31.Qe2 a6 32.R3f2 Qd7 33.Rg1 Qg4 34.Qe3 b6 35.Rd2 Rd7 36.Rf1 Rd6
37.Rdf2 Rc7 38.Kc3 Rc8 39.Qf3 Rf8 40.Qxg4 hxg4 41.b4 Rc8 42.a4 Rd7 43.Rxf6 cxb4+
44.Kb3 Rdc7 45.d6 Rxc4 46.d7 Rc3+ 47.Kb2 Rd8 48.Rf7+ Kh6 49.Re7 Rf3 50.Rd1 Rff8
51.Rd6 Rg8 52.Rxe5 Rg7 53.Red5 Re7 54.e5 Kg7 55.Kb3 a5 56.Kc4 Kf7 57.Rxb6 Re6
58.Rxe6 Kxe6 59.Rd6+ Ke7 60.Rxg6 Rf8 61.Rd6  1-0

[Event "Mediana"]
[Site "Nis SRB"]
[Date "2008.04.18"]
[Round "10"]
[White "Badev,K"]
[Black "Solomunovic,I"]
[Result "1-0"]
[WhiteElo "2311"]
[BlackElo "2442"]

1.e4 d5 2.exd5 Qxd5 3.Nc3 Qd6 4.d4 Nf6 5.Bc4 a6 6.Nge2 Nc6 7.Bf4 e5 8.dxe5 Nxe5
9.Bb3 Qxd1+ 10.Rxd1 Bd6 11.Nd5 Nxd5 12.Rxd5 f6 13.O-O Bd7 14.Bg3 O-O-O 15.Rfd1 Rde8
16.Nd4 h5 17.h4 Re7 18.c3 Rhe8 19.Rf1 g6 20.Bc2 f5 21.b3 b6 22.Kh1 Bc5 23.b4 Bd6
24.a4 Nc4 25.Bd3 Bxg3 26.Bxc4 Bd6 27.Bxa6+ Kd8 28.Bb5 Re1 29.Kg1 R8e4 30.Bxd7 Kxd7
31.Nf3 R1e2 32.Rfd1 Kc8 33.R5d2 Rxd2 34.Rxd2 Be7 35.g3 Bf6 36.Nd4 Re1+ 37.Kg2 Ra1
38.Rd3 Rxa4 39.Nc2 Ra2 40.Ne3 Kb7 41.Nd5 Be5 42.Re3 Bd6 43.Re6 Rd2 44.c4 Rd4
45.Rxg6 Rxc4 46.Rg5 c6 47.Ne3 Rxb4 48.Rxf5 b5 49.Rxh5 Rb1 50.Rf5 b4 51.Nc4 Rd1
52.h5 Bc7 53.h6 Rd7 54.g4 Ka6 55.Rh5 Bd8 56.g5 Bxg5 57.Rxg5 Rh7 58.Ra5+ Kb7
59.Rh5 Ka6 60.Kf1 c5 61.Rxc5 Rxh6 62.Ra5+ Kb7 63.Rb5+ Kc6 64.Rb6+  1-0

[Event "IX EICC w"]
[Site "Plovdiv BUL"]
[Date "2008.04.22"]
[Round "2"]
[White "Moser,E"]
[Black "Jelica,M"]
[Result "1-0"]
[WhiteElo "2395"]
[BlackElo "2207"]

1.e4 d5 2.exd5 Qxd5 3.Nc3 Qd6 4.d4 Nf6 5.Bd3 c6 6.Nge2 Bg4 7.Be3 Nbd7 8.Qd2 e5
9.O-O Bxe2 10.Qxe2 Be7 11.Rfe1 h5 12.dxe5 Qxe5 13.Qf3 Qa5 14.Bf4 Kf8 15.a3 h4
16.b4 Qh5 17.Qe3 Re8 18.Be2 Qf5 19.Bd3 Qh5 20.Qxa7 g5 21.Bc7 g4 22.Qxb7 c5
23.Rab1 g3 24.fxg3 hxg3 25.Bxg3 Qg4 26.Ne2 c4 27.h3 Qg5 28.Bxc4 Qe3+ 29.Bf2 Qxa3
30.Qa6 Bxb4 31.Qxa3 Bxa3 32.Ng3 Rc8 33.Bb3 Nc5 34.Re2 Nh5 35.Nxh5 Rxh5 36.Ra1 Bb2
37.Rd1 Nxb3 38.cxb3 Ba3 39.Ra2 Bc5 40.Bxc5+ Rhxc5 41.Rd7 Rb8 42.Rf2 f5 43.Rf3 Rb4
44.Kh2 Rcb5 45.Rc3 Rb8 46.Rd5 Rf4 47.Rcc5 Rxb3 48.Rxf5+ Rxf5 49.Rxf5+ Kg7
50.h4 Kg6 51.Ra5 Rc3 52.g3 Kh6 53.Kh3 Kg6 54.h5+ Kh6 55.Kh4 Rc4+ 56.g4 Rc6
57.g5+ Kg7 58.Ra7+ Kg8 59.h6 Rb6 60.Kh5 Rc6 61.Ra5 Rc8 62.g6 Rb8 63.h7+ Kg7
64.Ra7+ Kf6 65.Kh6  1-0

[Event "II Open"]
[Site "La Laguna ESP"]
[Date "2008.04.23"]
[Round "3"]
[White "Hernandez Rios,I"]
[Black "Ribon Calabia,M"]
[Result "1-0"]
[WhiteElo "2023"]
[BlackElo "1913"]

1.e4 d5 2.exd5 Qxd5 3.Nc3 Qd6 4.d4 Nf6 5.Be3 a6 6.Qd2 Bf5 7.Nf3 Nc6 8.Be2 e6
9.O-O h6 10.Bf4 Qd7 11.a3 O-O-O 12.Rfd1 Be7 13.b4 b5 14.a4 Bxb4 15.axb5 Ne4
16.bxc6 Qxc6 17.Bxa6+ Kb8 18.Ne5 Qb6 19.Na4 Bxd2 20.Nxb6 cxb6 21.Nc6+ Ka8
22.Rxd2 Nxd2 23.Bc8+  1-0

[Event "IX EICC w"]
[Site "Plovdiv BUL"]
[Date "2008.04.23"]
[Round "3"]
[White "Kovanova,B"]
[Black "Rogule,L"]
[Result "1-0"]
[WhiteElo "2372"]
[BlackElo "2255"]

1.e4 d5 2.exd5 Qxd5 3.Nc3 Qd6 4.d4 Nf6 5.Nf3 a6 6.g3 Bg4 7.Bg2 Nc6 8.Bf4 Qb4
9.Bxc7 Nd5 10.a3 Nxc3 11.axb4 Nxd1 12.b5 Nxb2 13.bxc6 bxc6 14.Ne5 Bd7 15.Rb1 f6
16.Nxd7 Kxd7 17.Bf4 e5 18.dxe5 Bb4+ 19.Ke2 Bc3 20.Bh3+ Ke7 21.Bd2 Bxd2 22.Rxb2 Ba5
23.Rb7+ Kf8 24.e6 g6 25.Rd1 f5 26.Rdd7 Bc3 27.Kd3 Ba5 28.Bg2 Rc8 29.Bxc6 Be1
30.Rf7+  1-0

[Event "IX EICC"]
[Site "Plovdiv BUL"]
[Date "2008.04.26"]
[Round "6"]
[White "Kurnosov,I"]
[Black "Tiviakov,S"]
[Result "1/2-1/2"]
[WhiteElo "2593"]
[BlackElo "2635"]

1.e4 d5 2.exd5 Qxd5 3.Nc3 Qd6 4.d4 Nf6 5.Nb5 Qd8 6.c4 c6 7.Nc3 Bf5 8.Nf3 e6
9.Be2 Be7 10.O-O O-O 11.Nh4 Bg6 12.Nxg6 hxg6 13.Bf3 Na6 14.Be3 Bd6 15.Qb3 Qb8
16.g3 Re8 17.Rad1 Nc7 18.Rfe1 Qc8 19.Ne4 Nxe4 20.Bxe4 a5 21.a3 a4 22.Qc2 e5  1/2-1/2

[Event "IX EICC w"]
[Site "Plovdiv BUL"]
[Date "2008.04.29"]
[Round "8"]
[White "Zimina,O"]
[Black "Voicu,C"]
[Result "1-0"]
[WhiteElo "2363"]
[BlackElo "2290"]

1.e4 d5 2.exd5 Qxd5 3.Nc3 Qd8 4.d4 Nf6 5.Bc4 Bg4 6.Nge2 Bxe2 7.Qxe2 c6 8.Be3 e6
9.O-O Be7 10.Rad1 Nbd7 11.Bb3 O-O 12.Rfe1 Re8 13.Qf3 Nb6 14.Bc1 Nbd5 15.Ne4 Nxe4
16.Rxe4 Bf6 17.c3 Ne7 18.h4 Nf5 19.g3 g6 20.Ree1 Kg7 21.Bf4 a5 22.h5 a4 23.Bc4 Ra5
24.a3 Bg5 25.Be5+ Kg8 26.Bd3 Qd5 27.Be4 Qd8 28.Kg2 Rb5 29.hxg6 hxg6 30.Rh1 f6
31.Bf4 Kg7 32.Rd2 Rh8 33.Rxh8 Qxh8 34.Bd3 Rd5 35.Bc4 Qh6 36.Bxd5 Nh4+ 37.gxh4 Bxf4
38.Rd1 cxd5 39.Rh1 Bc1 40.Qe2 Qf4 41.h5 Bxb2 42.h6+ Kh7 43.Qxe6 Qg5+ 44.Kf3 Qf5+
45.Qxf5 gxf5 46.Rb1 Bxa3 47.Rxb7+ Kxh6 48.Ke2 Kg5 49.Kd3 Bc1 50.Rb5  1-0

[Event "IX EICC w"]
[Site "Plovdiv BUL"]
[Date "2008.04.29"]
[Round "8"]
[White "Ciuksyte,D"]
[Black "Ionica,I"]
[Result "1-0"]
[WhiteElo "2380"]
[BlackElo "2278"]

1.e4 d5 2.exd5 Qxd5 3.Nc3 Qd8 4.d4 Nf6 5.Bc4 Bg4 6.f3 Bf5 7.Nge2 e6 8.Bf4 c6
9.Qd2 Nbd7 10.O-O-O Be7 11.Kb1 Nd5 12.g4 Bg6 13.h4 h5 14.g5 N7b6 15.Bd3 Bxd3
16.Qxd3 Nxf4 17.Nxf4 Qd6 18.Nfe2 g6 19.f4 O-O-O 20.Rhf1 Kb8 21.Ng1 Qc7 22.Nf3 Bb4
23.Ne4 Bd6 24.Ne5 Rhf8 25.Qb3 Nc8 26.c4 Ne7 27.c5 Bxe5 28.fxe5 Nf5 29.Rxf5 exf5
30.Nd6 Ka8 31.Rc1 Rb8 32.Nc4 Rbd8 33.Nd6 Rb8 34.Nc4 Rbd8 35.Rd1 Kb8 36.Rd3 Rd7
37.Qa4 Qd8 38.Nd6 Rxd6 39.cxd6 Re8 40.Ra3 a6 41.Qb3 c5 42.Qxf7 cxd4 43.Rb3 b5
44.e6 Rh8 45.Qf6  1-0